European Country by Largest A-K City Quiz Stats

 Plays Quiz Updated Jul 14, 2016

Score 0/46 Timer 07:00
1 Play Today
City Country % Correct
AmsterdamNetherlands
98.4%
AthensGreece
98.3%
BarcelonaSpain
96.8%
BerlinGermany
96.3%
DublinIreland
93.9%
BordeauxFrance
93.6%
Andorra La VellaAndorra
93.6%
CopenhagenDenmark
93.2%
BirminghamUnited Kingdom
92.7%
BudapestHungary
91.9%
IstanbulTurkey
91.1%
AntwerpBelgium
90.9%
HelsinkiFinland
90.4%
GenevaSwitzerland
89.6%
BucharestRomania
85.7%
KrakówPoland
85.5%
KyivUkraine
85.3%
BelgradeSerbia
83.2%
BratislavaSlovakia
79.9%
GenovaItaly
71.4%
GothenburgSweden
69.8%
BergenNorway
67.4%
ChișinăuMoldova
65.6%
City Country % Correct
GrazAustria
57.7%
BrnoCzechia
54.2%
AmadoraPortugal
47%
Borgo MaggioreSan Marino
45.5%
Esch-sur-AlzetteLuxembourg
45.3%
KazanRussia
44.8%
KaunasLithuania
42.4%
Banja LukaBosnia and Herzegovina
37.7%
DaugavpilsLatvia
37.4%
FamagustaCyprus
35.6%
KópavogurIceland
35.2%
Kohtla-JärveEstonia
33.4%
FontvieilleMonaco
32.8%
Birkirkara Malta
32.7%
CeljeSlovenia
32.5%
KarlovacCroatia
31.1%
BurgasBulgaria
30.6%
DurrësAlbania
30.3%
CetinjeMontenegro
29.8%
BalzersLiechtenstein
27%
GomelBelarus
26.8%
GjilanKosovo
24%
KumanovoMacedonia
23.7%

You're not logged in!

Compare scores with friends on all Sporcle quizzes.
Join for Free
OR
Log In

You Might Also Like...

Show Comments

Extras

Top Quizzes Today


Score Distribution

Your Account Isn't Verified!

In order to create a playlist on Sporcle, you need to verify the email address you used during registration. Go to your Sporcle Settings to finish the process.

Report this User

Report this user for behavior that violates our Community Guidelines.

Details: